000 00323nam a2200145Ia 4500
003 OSt
005 20240311111619.0
008 170524s9999 xx 000 0 und d
020 _aNIL
040 _cIIMT UNIVERSITY
100 _aGUPTA- P. K.
245 0 _aANUPARUKAT YANTREEKI
260 _bM. NGR: ASIAN
942 _2ddc
_c02
999 _c7626
_d7626